Normal view
MARC view
- البنوك -التسويق
Entry Topical Term
001 - CONTROL NUMBER
- control field: 29047
003 - CONTROL NUMBER IDENTIFIER
- control field: JO-AjAnu
005 - DATE AND TIME OF LATEST TRANSACTION
- control field: 20230606074920.0
008 - FIXED-LENGTH DATA ELEMENTS
- fixed length control field: 230606|| aca||aabn | a|a d
040 ## - CATALOGING SOURCE
- Original cataloging agency: JO-AjAnu
- Transcribing agency: JO-AjAnu
150 ## - HEADING--TOPICAL TERM
- Topical term or geographic name entry element: البنوك -التسويق
670 ## - SOURCE DATA FOUND
- Source citation: Work cat.: (JO-AjAnu)14910: الصميدعي، محمد جاسم / م.مشارك: ردينة عثمان يوسف, author 29046, التسويق المصرفي : مدخل استراتيجي-كمي-تحليلي